|
|
|
|
| LEADER |
01036nam a2200289 a 4500 |
| 001 |
000033035 |
| 003 |
CZ BrMZK |
| 005 |
19950413143423.0 |
| 008 |
950313s1995 xo f slo d |
| 020 |
|
|
|a 80-225-0631-1
|
| 040 |
|
|
|a BOA001
|b cze
|
| 080 |
|
|
|a 330.567.22.018(437.6)(075.8)
|2 MRF
|
| 245 |
0 |
0 |
|a Spotrebiteĺské teórie a reálie /
|c Pavel Hraško a kolektív
|
| 250 |
|
|
|a Vyd. 1.
|
| 260 |
|
|
|a Bratislava :
|b Ekonomická univerzita,
|c 1995
|
| 300 |
|
|
|a 246 s. :
|b tab., fot. ;
|c 29 cm
|
| 490 |
1 |
|
|a Vysokoškolské skriptá
|
| 500 |
|
|
|a Určeno pro posl. fak. obchodní Ekon. univ. v Bratislavě
|
| 500 |
|
|
|a Bibliogr. s. 241-243
|
| 653 |
0 |
|
|a spotřebitelské teorie
|
| 700 |
1 |
|
|a Hraško, Pavel
|7 jx20041014015
|4 aut
|
| 710 |
2 |
|
|a Ekonomická univerzita v Bratislave.
|b Obchodná fakulta
|7 mzk2002157194
|
| 830 |
|
0 |
|a Vysokoškolské skriptá
|
| 910 |
|
|
|a BOA001
|b TK-A-0257.419
|
| 962 |
|
|
|a 330.5
|
| 990 |
|
|
|a BK
|
| 996 |
7 |
|
|b 2620001559
|c TK-A-0257.419
|l MZK
|r Sklad / do 24 hodin
|n 1
|p kup
|w 000033035
|u 000010
|a 1
|e BOA001
|j MZK50
|s A
|